000 00378nam a2200121 4500
999 _c520218
_d520218
082 _aA45:Y26 EMC/2019-20
100 _aKerala.Energy Management Centre
_99311
245 _aAnnual report, 2019-20
260 _aThiruvanathapuram
_bThe author
_c2021
300 _a113p
650 _aEnergy conservation -- Kerala -- India
_99733
650 _aEnergy resources -- Kerala -- India
_99734